| 000 | 00787nam a2200217 a 4500 | ||
|---|---|---|---|
| 001 | 000346823 | ||
| 003 | AM-YeHGA | ||
| 005 | 20250618072154.0 | ||
| 008 | 040625s1893 gs |||||r|||||||||0|arm|d | ||
| 040 | _aAM-YeHGA | ||
| 041 | 0 | _aarm | |
| 100 | 1 |
_aԱրծրունի, Վահան Մարգարի, _d1857-1947 _92248 |
|
| 245 | 1 | 0 |
_aԽօլերա : _bՀանրամատչելի զրոյցներ եւ խրատներ / _cՎ. Արծրունի. |
| 260 |
_aԹիֆլիս : _bԹիֆլիսի հայոց հրատ. ընկ, _c1893. |
||
| 300 | _a64 էջ | ||
| 440 | 0 |
_aԹիֆլիսի հայոց հրատարակչական ընկերություն _v№ 63 |
|
| 650 | 1 | 4 |
_aՎարակիչ հիվանդություններ _xԽոլերա |
| 653 | 0 | _aԽոլերա | |
| 942 |
_2udc _cBK |
||
| 090 | _c133570 | ||
| 999 |
_c132204 _d132204 |
||